1287 1812 1306 1641 1423 1383 1946 1026 1919 1820 1757 1866 1496 1385 1859 1705 1600 1165 1351 1311 1230 1660 1964 1142 1476 1807 1061 1551 1043 1553 1332 1047 1774 1839 1019 1899 1844 1425 1245 1691 1529 1954 1169 1147 1441 1115 1958 1706 1376 1857 1694 1644 1314 1345 1636 1281 1532 1755 1739 1914 1603 1953 1191 1292 1202 1963 1904 1433 1675 1778 1813 1476 1292 1046 1132 1210 1989 1295 1822 1748 1736 1921 1316 1857 1131 1302 1692 1289 1008 1014 1296 1877 1388 1464 1760 1234 1922 1133 1508 BCNSPRNW ULIB Ver.6.0+V

เปลี่ยนเป็นภาษาไทย

Change to English
 แสดงรายละเอียดบรรณานุกรม
  กลับหน้าหลัก

Brief Record : Get Marc (ISO 2709) : E-mail record : QR code < ปิดหน้าต่าง
LEADER : 00000nam 2200000uu 4500
001    13399113632
003     ULIB
008    110824s2550||||th 000 0 tha d
020    9786115200092
090    นว.^bล965ค 2550
100 0  โลรี, พีดีไอ
245 00 ความลับแห่งกุหลาบ = Secrets of the rose/^cโลรี, พีดีไอ
250    พิมพ์ครั้งที่ 1
260    กรุงเทพฯ :^b1168พับลิชชิ่ง,^c2550
300    446 หน้า
710 1  1168พับลิชชิ่ง
945    ^p245^l0^i021011
995    ทศพร
999     ^aใช้งานได้ทุกระบบ
รายการนี้ยังไม่มีแท็ก
คุณยังไม่ได้ล็อกอิน คุณสามารถมีกิจกรรมร่วมกับเว็บไซต์ได้ แต่ต้องล็อกอินก่อน ::
  ล็อกอิน

รายการสื่อสารสนเทศ

ลำดับที่ ประเภท เลขเรียก/บาร์โค้ด สถานที่ สถานะ
1. นวนิยาย
นวนิยาย
นว. ล965ค 2550 ฉ.1 
  Barcode: 021011
ห้องสมุดวิทยาเขตสวรรค์ประชารักษ์
►นวนิยาย
บนชั้น
  ขอยืม

BibComment


ยังไม่เคยถูกคอมเมนท์

คอมเมนท์ทรัพยากรรายการนี้
  คอมเมนท์: ความลับแห่งกุหลาบ..


 Copyright 2026. Bcnsprnw @Library